El currículum de la signatura Costos en las universidades argentinas y su vinculación con el desarrollo industrial nacional y regional (Registro nro. 17630)
[ vista simple ]
| 000 -LEADER | |
|---|---|
| fixed length control field | 00429 a2200109 4500 |
| 001 - CONTROL NUMBER | |
| control field | ART_2692 |
| 005 - DATE AND TIME OF LATEST TRANSACTION | |
| control field | 20260410161728.0 |
| 008 - FIXED-LENGTH DATA ELEMENTS--GENERAL INFORMATION | |
| fixed length control field | 260409a |
| 100 1# - MAIN ENTRY--PERSONAL NAME | |
| Personal name | Demonte, Norberto Gabriel |
| 245 10 - TITLE STATEMENT | |
| Title | El currículum de la signatura Costos en las universidades argentinas y su vinculación con el desarrollo industrial nacional y regional |
| 773 0# - HOST ITEM ENTRY | |
| Title | Ciencias económicas |
| Related parts | - Año 7, Vol. 2 (jun. 2010) |
| Record control number | REV2567 |
No hay ítems disponibles.